00617nam a2200193Ia 450000500170000000800410001702000150005808200230007310000190009624500840011526000400019930000170023965000200025665000140027665000130029094200060030395200990030999900150040820250325033325.0240331s9999 xx 000 0 und d a0415903327 a302.234bROD23888 aRodwick, D. N. 4aThe Difficulty of Difference:bPsychoanalysis Sexual Difference and Film Theory aLondon;aNew York,bRoutledgec1991 axii, 162 p., aPsychoanalysis  aSexuality aFeminism cL 001040708LaWERCLbWERCLcSSCd2024-03-31l0o 302.234 RODp3888r2024-03-31w2024-03-31yL c1178d1178